Jane Austen Sorting Gallery Quiz Stats

 Plays Quiz Updated May 21, 2018

Challenge
Share
Tweet
Embed
Score 0/18 Timer 02:00
5 Plays Today
% Correct
Elizabeth Bennet
91.8%
Fitzwilliam Darcy
89.9%
Emma Woodhouse
87.8%
Marianne Dashwood
65.7%
Colonel Brandon
64.4%
Lady Catherine de Bourgh
63.1%
Anne Elliot
60.5%
Catherine Morland
58.3%
Admiral Croft
54.4%
% Correct
Fanny Price
53.8%
Frank Churchill
51.3%
Harriet Smith
48.8%
Henry Crawford
44.6%
Lucy Steele
44.4%
Henry Tilney
40%
Maria Bertram
38.8%
Isabella Thorpe
36.7%
Mary Musgrove
34%

You're not logged in!

Compare scores with friends on all Sporcle quizzes.
Join for Free
OR
Log In

You Might Also Like...

Show Comments

Extras

Top Quizzes Today


Score Distribution

Your Account Isn't Verified!

In order to create a playlist on Sporcle, you need to verify the email address you used during registration. Go to your Sporcle Settings to finish the process.

Report this User

Report this user for behavior that violates our Community Guidelines.

Details: